00583 2200229 4500001002100000005001500021035002000036245004200056100001900098250000600117300003500123260003900158082000800197084001500205020002200220650002600242990001700268990001700285990001700302990001700319990001700336INLIS00000000000020220180911033808 a0010-09180000561 aBaku dan Tidak Baku /cY. Budi Artati0 aY. Budi Artati a- aiv, 52 hlm. :bilus. ;c21 cm. aKlaten :bPT Intan Pariwara,c2009 a415 a415 BUD b a978-979-28-0627-4 aTata Bahasa Indonesia a00869/P/2018 a00870/P/2018 a00871/P/2018 a00872/P/2018 a00873/P/2018